00749nam a22001697a 4500003000200000005001700002008004100019050002800060100001700088245020200105260008500307300003300392504004100425650003500466650005000501650002800551020250115153046.0160118b xxu||||| |||| 00| 0 eng d aPHS LB 3609b.N163 2015 aNakano, Megu aThe behavior of Southville International School and Ramon Pascual Institute graduating high school students towards academic performance in history in terms of language of instructionc Megu Nakano aLas Piñas, Philippines :bSouthville International School and Colleges,c2015. aiii, 17 p. :bill. ;c28 cm. aIncludes bibliographical references. aHigh school studentvBehavior. aStudentsvAttitudesxLanguage of instruction. aLanguage and education.